Fe cristiana y materialismo histórico /
Gorde:
| Egile nagusia: | |
|---|---|
| Beste egile batzuk: | |
| Formatua: | Ezezaguna |
| Hizkuntza: | Spanish |
| Argitaratua: |
España :
Ediciones Salamanca
|
| Gaiak: | |
| Etiketak: |
Etiketa erantsi
Etiketarik gabe, Izan zaitez lehena erregistro honi etiketa jartzen!
|
MARC
| LEADER | 00000 a2200000 04500 | ||
|---|---|---|---|
| 001 | 44660 | ||
| 003 | |||
| 008 | 050531s1978 sp spa d | ||
| 040 | |||
| 020 | |a 84-301-0710-X | ||
| 022 | |a [Pendiente] | ||
| 090 | |a 0003 G561f | ||
| 100 | |a Giraldi, Giulio | ||
| 245 | |a Fe cristiana y materialismo histórico / |c Giulio Giraldi; Ortiz, Alfonso, traductor | ||
| 260 | |a España : |b Ediciones Salamanca | ||
| 300 | |a 151 páginas | ||
| 500 | |a Colección Rosa Maria Pochet CoronadoTitulo original en Italiano Fede cristiana e materialismo storico | ||
| 650 | |a RELIGION | ||
| 650 | |a NORMAS SOCIALES | ||
| 650 | |a MARXISMO | ||
| 650 | |a CRISTIANISMO | ||
| 650 | |a MATERIALISMO HISTORICO | ||
| 650 | |a LUCHAS DE CLASE | ||
| 700 | |a Ortiz, Alfonso, traductor | ||
| 999 | |c 5707 |d 5707 | ||



